| 000 | 00793nam a2200289 a 4500 | ||
|---|---|---|---|
| 001 | 000107865 | ||
| 003 | CHAP | ||
| 005 | 20220329143947.0 | ||
| 008 | 131113s2012 ck |r| ||||||spa d | ||
| 010 | _a104327 | ||
| 011 | _a105299 | ||
| 020 | _a9789586487665 | ||
| 040 | _cCHAP | ||
| 082 | 0 | 4 |
_a519.5 _bM29 2012 |
| 100 | 1 |
_aMartínez Bencardino, Ciro _9124444 |
|
| 245 | 1 | 0 |
_aEstadística Básica Aplicada / _cpor Ciro Martínez Bencardino. |
| 250 | _a4 ed. | ||
| 260 |
_aBogotá : _bEcoe, _c2012. |
||
| 300 | _axiii, 386 p. | ||
| 590 |
_aE11695DGD _b10 _c20131114 _lUCH01 _h1433 |
||
| 590 |
_aE5765TAJ _b05 _c20131113 _lUCH01 _h0853 |
||
| 650 | 1 | 4 |
_aEstadística _xInvestigación. _938251 |
| 650 | 1 | 4 |
_aMétodos estadísticos. _976631 |
| 901 | _aBK | ||
| 942 | _cLIBRO | ||
| 942 | _n0 | ||
| 999 |
_c104327 _d104327 |
||